| 000 | 00359 a2200157 4500 | ||
|---|---|---|---|
| 001 | 48423 | ||
| 020 | _a9788516096861 | ||
| 040 | _cAnchieta - Bela Vista | ||
| 100 | _aCarrasco, Walcyr | ||
| 240 | 1 | 0 |
_aAbaixo o bicho-papão! _lpor |
| 245 | 1 | 0 | _aAbaixo o bicho-papão! |
| 300 | _a29 | ||
| 362 | 0 | _a2015 | |
| 650 | 4 | _aLiteratura infanto-juvenil | |
| 942 | _cBK | ||
| 999 |
_c48423 _d48423 |
||